000 00748nam a2200229Ia 4500
003 OSt
005 20220923212416.0
006 a|||||r|||| 00| 0
007 ta
008 220922b |||||||| |||| 00| 0 hin d
024 _a152,689
037 _cTextual
040 _aARTS
_cARTS
_bhin
041 _2hin
_ahin
082 _aND44,E8(Q3), 152L4
100 _aजैन, भागचन्द्र
245 0 _aदेवगढ़ की जैन कला
_b एक सांस्कृतिक अध्ययन
246 _aDevagaढ़ kī jain kalā : ek sāanskṛutik adhyayana
260 _c1974
942 _hND44,E8(Q3), 152L4
_cTEXL
_2CC
999 _c308338
_d308338